Normal view
MARC view
- البزل -تعلم وتعليم- مجاري صحية-تعلم وتعليم
Entry Topical Term
001 - CONTROL NUMBER
- control field: 10649
003 - CONTROL NUMBER IDENTIFIER
- control field: JO-AjAnu
005 - DATE AND TIME OF LATEST TRANSACTION
- control field: 20230606072017.0
008 - FIXED-LENGTH DATA ELEMENTS
- fixed length control field: 230606|| aca||aabn | a|a d
040 ## - CATALOGING SOURCE
- Original cataloging agency: JO-AjAnu
- Transcribing agency: JO-AjAnu
150 ## - HEADING--TOPICAL TERM
- Topical term or geographic name entry element: البزل -تعلم وتعليم- مجاري صحية-تعلم وتعليم
670 ## - SOURCE DATA FOUND
- Source citation: Work cat.: (JO-AjAnu)5482: تاليف: حمادي، خالد بدر / م مشارك النجم، محمد عبدالله, author 10648, البزل : لطلبة الصفوف الثالثة - اقسام التربية